[Event "Frankfurt Ch 2013"]
[Site "Ffm-Kalbach, LAZ"]
[Date "2013.05.27"]
[Round "4.28"]
[White "Tierling, Detlef"]
[Black "Stock, Jürgen"]
[Result "1-0"]
[WhiteElo "1941"]
[BlackElo "1799"]
[PlyCount "119"]
[EventDate "2013.??.??"]
[WhiteTeam "SC Groß-Umstadt"]
[BlackTeam "SC Eschborn 1974"]

1. d4 e6 2. c4 f5 3. Nc3 d5 4. Bf4 Nf6 5. e3 b6 6. Nf3 Bb7 7. Qb3 Be7 8. Rc1 c6
9. Bd3 O-O 10. O-O Ne4 11. cxd5 exd5 12. Bxe4 fxe4 13. Nxe4 Nd7 14. Nc5 Nxc5
15. dxc5 Ba6 16. cxb6 Bxf1 17. b7 Bc4 18. bxa8=Q Qxa8 19. Qc2 c5 20. Bg3 Ba6
21. Qa4 Qb7 22. b3 Bb5 23. Qa5 Bd8 24. Qc3 Be7 25. Qe5 h6 26. Qe6+ Kh7 27. Bd6
Bxd6 28. Qxd6 Rc8 29. Ne5 c4 30. Qg6+ Kg8 31. Qe6+ Kh7 32. Qf5+ Kg8 33. Ng6 Re8
34. h4 Bd7 35. Qc2 Be6 36. h5 Rb8 37. Qc3 cxb3 38. axb3 Qxb3 39. Qe5 Re8 40.
Rc7 Bf7 41. Qf5 Be6 42. Qe5 Qb1+ 43. Kh2 Bf7 44. Qg3 a5 45. Ne7+ Kf8 46. Qd6
Qb4 47. Ng6+ Kg8 48. Qxb4 axb4 49. Rb7 Re4 50. Rb8+ Be8 51. Nf4 Kf7 52. Rb7+
Kf8 53. Kg3 Bc6 54. Rc7 Rc4 55. Ne6+ Ke8 56. Nxg7+ Kd8 57. Ne6+ Ke8 58. Nd4 Kd8
59. Rxc6 b3 60. Rb6 1-0

[Event "Frankfurt Ch 2013"]
[Site "Ffm-Kalbach, LAZ"]
[Date "2013.05.27"]
[Round "4.29"]
[White "Schmitt, Roland"]
[Black "Weber, Andreas"]
[Result "1-0"]
[WhiteElo "1934"]
[BlackElo "1730"]
[PlyCount "53"]
[EventDate "2013.??.??"]
[WhiteTeam "SK Großsachsen"]
[BlackTeam "SC Flörsheim 1921"]

1. e4 e5 2. f4 exf4 3. Nf3 g5 4. Bc4 Bg7 5. d4 d6 6. O-O h6 7. h4 Nc6 8. c3 Bg4
9. Qb3 Qd7 10. hxg5 Bxf3 11. g6 Nxd4 12. Bxf7+ Ke7 13. cxd4 Bxd4+ 14. Kh2 Bxg2
15. Rxf4 Be5 16. Kxg2 Bxf4 17. Bxf4 Qg4+ 18. Bg3 Qxe4+ 19. Kg1 Qd4+ 20. Bf2
Qg4+ 21. Kf1 Kf8 22. Nd2 Ne7 23. Qc3 Nxg6 24. Bxg6 Qxg6 25. Qxh8+ Kf7 26. Qxa8
Qd3+ 27. Ke1 1-0

[Event "Frankfurt Ch 2013"]
[Site "Ffm-Kalbach, LAZ"]
[Date "2013.05.27"]
[Round "4.30"]
[White "Czech, Ludwig"]
[Black "Rauscher, Joachim"]
[Result "1-0"]
[WhiteElo "1979"]
[BlackElo "1720"]
[PlyCount "61"]
[EventDate "2013.??.??"]
[WhiteTeam "VSG 1880 Offenbach"]
[BlackTeam "SC Brett vor'm Kopp Ffm"]

1. c4 Nf6 2. g3 c6 3. Nf3 g6 4. Bg2 Bg7 5. O-O O-O 6. Nc3 d5 7. cxd5 Nxd5 8. e4
Nb4 9. d4 Bg4 10. a3 N4a6 11. Be3 Nd7 12. h3 Bxf3 13. Bxf3 Nb6 14. Be2 Nc7 15.
a4 Ne6 16. a5 Nd7 17. Bc4 Qc7 18. Bxe6 fxe6 19. Qb3 Rf3 20. Qxe6+ Kh8 21. Ne2
Rf6 22. Qg4 e5 23. f4 h5 24. Qh4 Bh6 25. dxe5 Rff8 26. Bd4 Qd8 27. e6+ Nf6 28.
g4 Kh7 29. Bxf6 Rxf6 30. Rad1 g5 31. Rxd8 1-0

[Event "Frankfurt Ch 2013"]
[Site "Ffm-Kalbach, LAZ"]
[Date "2013.05.27"]
[Round "4.31"]
[White "Kolker, Vladislav"]
[Black "Willems, Matthias"]
[Result "1/2-1/2"]
[WhiteElo "1926"]
[BlackElo "1970"]
[PlyCount "30"]
[EventDate "2013.??.??"]
[WhiteTeam "SC Bad Nauheim"]
[BlackTeam "SC Bad Nauheim"]

1. e4 c5 2. c3 d5 3. exd5 Qxd5 4. d4 Nc6 5. Nf3 Bg4 6. Be2 cxd4 7. cxd4 e6 8.
h3 Bh5 9. Nc3 Qa5 10. O-O Nf6 11. g4 Bg6 12. Ne5 Bb4 13. Bb5 Bxc3 14. Nc4 Qc7
15. bxc3 O-O 1/2-1/2

[Event "Frankfurt Ch 2013"]
[Site "Ffm-Kalbach, LAZ"]
[Date "2013.05.27"]
[Round "4.32"]
[White "Bastian, Holger"]
[Black "Kuhn, Gerhard"]
[Result "1/2-1/2"]
[WhiteElo "1698"]
[BlackElo "1943"]
[PlyCount "88"]
[EventDate "2013.??.??"]
[WhiteTeam "Aschaffenburg- Schweinheim"]
[BlackTeam "SK Marburg 1931/72"]

1. Nf3 Nf6 2. g3 g6 3. Bg2 Bg7 4. O-O d5 5. d3 O-O 6. Nbd2 c6 7. e4 dxe4 8.
dxe4 Qc7 9. Nc4 Be6 10. Qe2 Nbd7 11. Rb1 Nb6 12. Nfd2 Rad8 13. b3 Nfd7 14. Bb2
Bxb2 15. Nxb2 Qe5 16. Nd3 Qc3 17. Nf3 f6 18. Nf4 Bf7 19. Rfd1 Ne5 20. Nxe5 Qxe5
21. Rxd8 Rxd8 22. Rd1 Rd4 23. Rxd4 Qxd4 24. Qd3 c5 25. Qxd4 cxd4 26. e5 g5 27.
Nd3 Nd5 28. f4 Ne3 29. Bxb7 Nxc2 30. Be4 Ne3 31. exf6 exf6 32. fxg5 fxg5 33.
Ne5 Bd5 34. Bxd5+ Nxd5 35. Nc6 d3 36. Kf2 a6 37. Ke1 Nc3 38. a3 Ne4 39. Ne5 d2+
40. Kd1 Nc3+ 41. Kxd2 Nb1+ 42. Kd3 Nxa3 43. Nf3 h6 44. Nd4 Kf7 1/2-1/2

[Event "Frankfurt Ch 2013"]
[Site "Ffm-Kalbach, LAZ"]
[Date "2013.05.27"]
[Round "4.33"]
[White "Liebske, Reiner"]
[Black "Hierling, Stefan"]
[Result "0-1"]
[WhiteElo "1671"]
[BlackElo "1940"]
[PlyCount "70"]
[EventDate "2013.??.??"]
[WhiteTeam "SV Frankfurt Nord 1926"]
[BlackTeam "VSG 1880 Offenbach"]

1. e4 c5 2. Nf3 Nc6 3. d4 cxd4 4. Nxd4 Nf6 5. Nc3 Qa5 6. Nxc6 dxc6 7. Bd3 Bg4
8. f3 Bh5 9. Be3 e5 10. O-O Bc5 11. Qe2 O-O 12. a3 Qb6 13. Bxc5 Qxc5+ 14. Qf2
Qxf2+ 15. Rxf2 b5 16. Rd2 Rfd8 17. Rad1 g5 18. Be2 Rxd2 19. Rxd2 Rc8 20. Rd6
Ne8 21. Rd7 Rc7 22. Rd8 Kf8 23. Nxb5 cxb5 24. Bxb5 f6 25. c4 Ke7 26. Rb8 Nd6
27. c5 Rxc5 28. a4 Rc1+ 29. Kf2 Rc2+ 30. Be2 Nxe4+ 31. Ke3 Nd6 32. Bd3 Rxg2 33.
b4 f5 34. Be2 e4 35. b5 f4+ 0-1

[Event "Frankfurt Ch 2013"]
[Site "Ffm-Kalbach, LAZ"]
[Date "2013.05.27"]
[Round "4.34"]
[White "Seickel, Ralf"]
[Black "Plattner, Rolf"]
[Result "0-1"]
[WhiteElo "1921"]
[BlackElo "1703"]
[PlyCount "64"]
[EventDate "2013.??.??"]
[WhiteTeam "vereinslos"]
[BlackTeam "SK Langen"]

1. e4 c5 2. Nf3 d6 3. d4 cxd4 4. Nxd4 Nf6 5. Nc3 a6 6. Bc4 e6 7. Bb3 b5 8. O-O
Bb7 9. f3 Qc7 10. Be3 Be7 11. a4 b4 12. Nce2 d5 13. e5 Nfd7 14. f4 Nc6 15. c3
bxc3 16. bxc3 Na5 17. Bc2 Nc4 18. Bf2 O-O 19. Ng3 Nc5 20. Qh5 Ne4 21. Nxe4 dxe4
22. Qe2 e3 23. Bxe3 Nxe3 24. Qxe3 Bc5 25. Be4 Rac8 26. Kh1 Rfd8 27. Bxb7 Qxb7
28. f5 Bxd4 29. cxd4 Rc2 30. Qg5 Rdc8 31. f6 g6 32. Rac1 h6 0-1

[Event "Frankfurt Ch 2013"]
[Site "Ffm-Kalbach, LAZ"]
[Date "2013.05.27"]
[Round "4.35"]
[White "Brauer, Frank"]
[Black "Klyszcz, Michael"]
[Result "1/2-1/2"]
[WhiteElo "1657"]
[BlackElo "1895"]
[PlyCount "96"]
[EventDate "2013.??.??"]
[WhiteTeam "TuS Makkabi Ffm"]
[BlackTeam "SG 1871 Löberitz"]

1. e4 d5 2. exd5 Qxd5 3. Nc3 Qa5 4. d4 Nf6 5. Nf3 c6 6. Bd2 Bf5 7. Be2 e6 8.
O-O Nbd7 9. Re1 Bb4 10. a3 Bxc3 11. Bxc3 Qc7 12. Bd3 Bg4 13. h3 Bh5 14. Be2 Ne4
15. Qd3 Bg6 16. Qe3 Ndf6 17. Bd3 Nd5 18. Qe2 Ndxc3 19. bxc3 Nxc3 20. Qd2 Bxd3
21. Qxd3 Qa5 22. Re5 Nb5 23. c4 Qc3 24. Qxc3 Nxc3 25. Rc1 Na4 26. d5 Nb2 27.
Re3 O-O-O 28. Rc2 Na4 29. dxe6 f6 30. Nh4 Rd1+ 31. Kh2 Re8 32. f4 Nb6 33. Nf3
Kd8 34. f5 Re7 35. Rd2+ Rxd2 36. Nxd2 Kc7 37. g4 c5 38. Rd3 a6 39. Kg3 Na4 40.
Kf3 b6 41. Ke4 Kc6 42. Rd8 Nc3+ 43. Kd3 Nd1 44. Ke2 Nb2 45. Rf8 Kc7 46. h4 b5
47. cxb5 axb5 48. Ne4 Na4 1/2-1/2

[Event "Frankfurt Ch 2013"]
[Site "Ffm-Kalbach, LAZ"]
[Date "2013.05.27"]
[Round "4.36"]
[White "Imelmann, Esther"]
[Black "Larem, Peter"]
[Result "1-0"]
[WhiteElo "1640"]
[BlackElo "1826"]
[PlyCount "91"]
[EventDate "2013.??.??"]
[WhiteTeam "SC 1961 König Nied"]
[BlackTeam "SSG Rödermark/Eppertshausen"]

1. d4 Nf6 2. Nf3 g6 3. c4 c5 4. d5 b5 5. cxb5 a6 6. b6 Qxb6 7. Nc3 Bg7 8. a4 a5
9. e4 O-O 10. Bb5 d6 11. Nd2 Ba6 12. O-O Nbd7 13. Nc4 Qc7 14. Qe2 Bb7 15. f4
Nb6 16. Nxb6 Qxb6 17. Be3 Ba6 18. Bf2 Ne8 19. Ra3 Nc7 20. Bh4 Bxc3 21. bxc3
Bxb5 22. axb5 Nxb5 23. Qb2 c4+ 24. Bf2 Qa6 25. Ra4 Nc7 26. Rfa1 Rfb8 27. Qa2
Qb5 28. Rxc4 Ne8 29. Bd4 f6 30. Ra4 Qd3 31. Qf2 Qxe4 32. Re1 Rb1 33. Ra1 Rxe1+
34. Rxe1 Qxd5 35. Rxe7 Qf5 36. Qa2+ Kh8 37. Qf7 Qb1+ 38. Kf2 Qc2+ 39. Kg3 Qd3+
40. Re3 Qb5 41. Bxf6+ Nxf6 42. Qxf6+ Kg8 43. Re7 Qd3+ 44. Kh4 g5+ 45. Qxg5+ Qg6
46. Qd5+ 1-0

[Event "Frankfurt Ch 2013"]
[Site "Ffm-Kalbach, LAZ"]
[Date "2013.05.27"]
[Round "4.37"]
[White "Rennhack, Peer"]
[Black "Lemonidis, Christos"]
[Result "1-0"]
[WhiteElo "1819"]
[BlackElo "1714"]
[PlyCount "51"]
[EventDate "2013.??.??"]
[WhiteTeam "Frankfurter TV 1860"]
[BlackTeam "SC 1961 König Nied"]

1. e4 d6 2. d4 g6 3. Nc3 Bg7 4. Be3 Nd7 5. Qd2 h6 6. h4 b6 7. O-O-O c5 8. Bb5
a6 9. Bc6 Rb8 10. h5 Qc7 11. Bxd7+ Bxd7 12. hxg6 fxg6 13. Nge2 g5 14. f4 gxf4
15. Nxf4 cxd4 16. Nfd5 Qc4 17. Bxd4 Bxd4 18. Qxd4 Qxd4 19. Rxd4 Rb7 20. Rc4 Kd8
21. Rf1 Be8 22. Rf8 Kd7 23. Na4 b5 24. Nab6+ Ke6 25. Nf4+ Ke5 26. Rf5# 1-0

[Event "Frankfurt Ch 2013"]
[Site "Ffm-Kalbach, LAZ"]
[Date "2013.05.27"]
[Round "4.38"]
[White "Beck, Michael"]
[Black "Mühlbach, Christian"]
[Result "1-0"]
[WhiteElo "1760"]
[BlackElo "1634"]
[PlyCount "103"]
[EventDate "2013.??.??"]
[WhiteTeam "SC Flörsheim 1921"]
[BlackTeam "SK Langen"]

1. Nf3 d5 2. c4 c6 3. g3 Nf6 4. Bg2 e6 5. Qc2 Bd6 6. d4 Nbd7 7. Nbd2 O-O 8. O-O
e5 9. cxd5 Nxd5 10. Ne4 Qe7 11. Nxd6 Qxd6 12. Rd1 exd4 13. Rxd4 Qg6 14. Qxg6
hxg6 15. e4 N5b6 16. b3 Re8 17. Ng5 f6 18. Nh3 Nc5 19. f3 Be6 20. Ba3 Nxb3 21.
axb3 Bxb3 22. Rb1 Be6 23. Nf4 Kf7 24. Nxe6 Kxe6 25. Bh3+ Kf7 26. Rbd1 f5 27.
exf5 gxf5 28. Bxf5 Nd5 29. Be4 Nc3 30. Rd7+ Kg8 31. R1d6 Nb5 32. Rd3 Nxa3 33.
Rxa3 Reb8 34. Kf2 a5 35. Ke3 b5 36. Bxc6 Ra6 37. Rb7 Rd8 38. Bxb5 Re6+ 39. Kf4
Rd4+ 40. Kf5 Rf6+ 41. Ke5 Rdd6 42. Bc4+ Kh7 43. Rxa5 Kh6 44. h4 Rd1 45. Bd5
Re1+ 46. Kd4 Rd1+ 47. Ke3 Rd6 48. Be4 Rc1 49. Rbb5 g6 50. h5 Rc3+ 51. Kf4 Rc7
52. hxg6 1-0

[Event "Frankfurt Ch 2013"]
[Site "Ffm-Kalbach, LAZ"]
[Date "2013.05.27"]
[Round "4.39"]
[White "Cichon, Jörg"]
[Black "Annen, Oliver"]
[Result "1/2-1/2"]
[WhiteElo "1727"]
[BlackElo "1632"]
[PlyCount "91"]
[EventDate "2013.??.??"]
[WhiteTeam "SC Zitadelle Spandau 1977"]
[BlackTeam "SK Bad Homburg 1927"]

1. e4 e6 2. d3 c5 3. Nf3 d5 4. Nbd2 Nc6 5. g3 g6 6. Bg2 Bg7 7. O-O Nge7 8. c3
O-O 9. Re1 b6 10. Qc2 Bb7 11. a3 a5 12. Rb1 Rb8 13. exd5 exd5 14. Nf1 Re8 15.
Bf4 Rc8 16. Rbd1 Ra8 17. Qa4 Bc8 18. h3 Be6 19. Re2 h6 20. Rde1 Qd7 21. Kh2 Ra7
22. g4 g5 23. Bg3 Ng6 24. Qb3 Rb7 25. Qc2 b5 26. Ne3 Re7 27. d4 c4 28. Nf5 Bxf5
29. gxf5 Nf8 30. Ne5 Bxe5 31. dxe5 b4 32. Rd1 Rb5 33. f6 Re8 34. Bf3 Ne6 35.
Red2 bxc3 36. bxc3 Nc7 37. Bg4 Qd8 38. Re2 Ne6 39. Bxe6 Rxe6 40. Rb1 Qb6 41.
Rxb5 Qxb5 42. f4 d4 43. cxd4 Nxd4 44. Qb2 Qxb2 45. Rxb2 Nb3 46. fxg5 1/2-1/2

[Event "Frankfurt Ch 2013"]
[Site "Ffm-Kalbach, LAZ"]
[Date "2013.05.27"]
[Round "4.40"]
[White "Ochmann, Reimund"]
[Black "Günther, Rainer"]
[Result "1-0"]
[WhiteElo "1932"]
[BlackElo "1573"]
[PlyCount "75"]
[EventDate "2013.??.??"]
[WhiteTeam "SK Langen"]
[BlackTeam "SV Mainz-Mombach"]

1. e4 c5 2. Nf3 d6 3. d4 cxd4 4. Nxd4 a6 5. c4 Nf6 6. Nc3 g6 7. Be2 Bg7 8. O-O
Nc6 9. Be3 Bd7 10. Rc1 O-O 11. Nb3 Na7 12. Bf3 Bc6 13. Qd2 Qd7 14. Rfd1 Ng4 15.
Nd5 Bxd5 16. exd5 Nxe3 17. fxe3 Rfc8 18. Nd4 Rab8 19. b4 Rc7 20. Rc2 Bxd4 21.
exd4 b6 22. c5 bxc5 23. dxc5 dxc5 24. bxc5 Qf5 25. Rdc1 h5 26. c6 Rbc8 27. a4
Qe5 28. Re1 Qd6 29. Qa5 e6 30. dxe6 fxe6 31. Rxe6 Qd4+ 32. Kh1 Nxc6 33. Rxg6+
Kh8 34. Rh6+ Kg8 35. Qg5+ Rg7 36. Bd5+ Kf8 37. Rh8+ Rg8 38. Rxg8# 1-0

[Event "Frankfurt Ch 2013"]
[Site "Ffm-Kalbach, LAZ"]
[Date "2013.05.27"]
[Round "4.41"]
[White "Mehl, Ulrich"]
[Black "Ostermeier, Thorsten"]
[Result "1/2-1/2"]
[WhiteElo "1589"]
[BlackElo "1931"]
[PlyCount "41"]
[EventDate "2013.??.??"]
[WhiteTeam "TSG Nieder-Erlenbach 1888"]
[BlackTeam "Sfr. Frankfurt 1921"]

1. d4 d5 2. c4 c6 3. cxd5 cxd5 4. Nf3 Nc6 5. Nc3 Nf6 6. Bg5 e6 7. e3 Be7 8. Bd3
O-O 9. a3 Bd7 10. Qc2 h6 11. Bh4 Rc8 12. O-O a6 13. Rac1 Ne8 14. Bxe7 Qxe7 15.
Qe2 f5 16. Ne5 Nxe5 17. dxe5 Nc7 18. f4 Na8 19. g4 fxg4 20. Qxg4 Be8 21. Nxd5
1/2-1/2

[Event "Frankfurt Ch 2013"]
[Site "Ffm-Kalbach, LAZ"]
[Date "2013.05.27"]
[Round "4.42"]
[White "Rutsatz, Mario"]
[Black "Willenbring, Jens-Dirk"]
[Result "1-0"]
[WhiteElo "1788"]
[BlackElo "1551"]
[PlyCount "43"]
[EventDate "2013.??.??"]
[WhiteTeam "Sfr. Frankfurt 1921"]
[BlackTeam "Bad Vilbeler Sfr.1985"]

1. d4 d5 2. c4 e6 3. Nc3 dxc4 4. e4 Bb4 5. Bxc4 Nd7 6. Nf3 Nb6 7. Be2 Bd7 8. a3
Bxc3+ 9. bxc3 Ne7 10. O-O O-O 11. Be3 Bc6 12. Bd3 Nd7 13. c4 b6 14. d5 exd5 15.
exd5 Bb7 16. Bd4 c5 17. Bxh7+ Kh8 18. Bb2 Ng6 19. Bxg6 fxg6 20. Qd2 Nf6 21. Qf4
Nxd5 22. Qh6+ 1-0

[Event "Frankfurt Ch 2013"]
[Site "Ffm-Kalbach, LAZ"]
[Date "2013.05.27"]
[Round "4.43"]
[White "Bergner, Matthias"]
[Black "Weiland, Thomas"]
[Result "0-1"]
[WhiteElo "1574"]
[BlackElo "1787"]
[PlyCount "64"]
[EventDate "2013.??.??"]
[WhiteTeam "SV 1926 Neu-Isenburg"]
[BlackTeam "SV Oberursel"]

1. d4 f5 2. e3 Nf6 3. Bd3 e6 4. f4 Be7 5. Nf3 b6 6. O-O Bb7 7. Nbd2 Nc6 8. a3
a5 9. Ne5 O-O 10. Ndf3 Nxe5 11. dxe5 Ne4 12. Bxe4 Bxe4 13. Nd2 Bb7 14. b3 Bc5
15. Nf3 Kh8 16. Re1 Qe8 17. Bb2 Rd8 18. Qe2 Qh5 19. Nd4 Qg6 20. c3 Ra8 21. b4
axb4 22. axb4 Be7 23. Rxa8 Rxa8 24. Ra1 Rxa1+ 25. Bxa1 c5 26. bxc5 Bxc5 27. g3
Qe8 28. Qa2 Qc8 29. Qa4 h6 30. Bb2 Ba8 31. Qc2 Qb7 32. Kf2 Bxd4 0-1

[Event "Frankfurt Ch 2013"]
[Site "Ffm-Kalbach, LAZ"]
[Date "2013.05.27"]
[Round "4.44"]
[White "Cors, Heinz-Friedrich"]
[Black "Reichel, Rolf"]
[Result "1/2-1/2"]
[WhiteElo "1780"]
[BlackElo "1580"]
[PlyCount "80"]
[EventDate "2013.??.??"]
[WhiteTeam "SV SF Darmstadt 1994"]
[BlackTeam "Sfr. Frankfurt 1921"]

1. e4 c5 2. Nf3 Nc6 3. d4 cxd4 4. Nxd4 d6 5. Nc3 a6 6. Be2 e6 7. O-O Nf6 8. Be3
Qc7 9. f4 Bd7 10. Nb3 b5 11. a3 Be7 12. Qe1 h5 13. Kh1 Ng4 14. Bg1 g6 15. Rd1
O-O 16. Qg3 b4 17. axb4 Nxb4 18. Rd2 f5 19. Bxg4 hxg4 20. h3 Rf7 21. Bd4 Rh7
22. Kg1 Bh4 23. Qe3 gxh3 24. gxh3 e5 25. fxe5 dxe5 26. Bc5 f4 27. Qe2 Be6 28.
Nd5 Nxd5 29. exd5 Bxh3 30. d6 Qd7 31. Qxe5 Qg4+ 32. Kh1 Bf6 33. Qd5+ Kg7 34.
Qb7+ Qd7 35. Qxd7+ Bxd7+ 36. Rh2 Rxh2+ 37. Kxh2 Rh8+ 38. Kg1 g5 39. Bd4 Bxd4+
40. Nxd4 Kf7 1/2-1/2

[Event "Frankfurt Ch 2013"]
[Site "Ffm-Kalbach, LAZ"]
[Date "2013.05.27"]
[Round "4.45"]
[White "Schneider, Marco"]
[Black "Staeger, Tim"]
[Result "1-0"]
[WhiteElo "1778"]
[BlackElo "1563"]
[PlyCount "77"]
[EventDate "2013.??.??"]
[WhiteTeam "SC Nidderau"]
[BlackTeam "Sfr. Frankfurt 1921"]

1. e4 c5 2. d4 cxd4 3. c3 dxc3 4. Nxc3 d6 5. Bc4 Nc6 6. Bf4 g6 7. Nf3 Bg7 8.
O-O Nf6 9. h3 O-O 10. Qe2 Nd7 11. Rfd1 Nde5 12. Nxe5 Nxe5 13. Bb3 Bd7 14. Rac1
Rc8 15. Be3 Nc6 16. f4 Be6 17. Bxe6 fxe6 18. Qg4 Qd7 19. e5 d5 20. Nxd5 h5 21.
Nc3 hxg4 22. Rxd7 gxh3 23. gxh3 Bh6 24. Ne2 Nxe5 25. Rxe7 Rxc1+ 26. Bxc1 Nd3
27. Rxe6 Nxc1 28. Nxc1 Bxf4 29. Nd3 g5 30. Re7 Rf7 31. Rxf7 Kxf7 32. Nxf4 gxf4
33. Kf2 Kf6 34. Kf3 Kg5 35. h4+ Kxh4 36. Kxf4 b5 37. Ke4 Kg4 38. Kd4 Kf4 39.
Kc5 1-0

[Event "Frankfurt Ch 2013"]
[Site "Ffm-Kalbach, LAZ"]
[Date "2013.05.27"]
[Round "4.46"]
[White "Klein, Markus"]
[Black "Popp, Matthias"]
[Result "1-0"]
[WhiteElo "1771"]
[BlackElo "1514"]
[PlyCount "67"]
[EventDate "2013.??.??"]
[WhiteTeam "SC 1979 Hattersheim"]
[BlackTeam "SC Bergen-Enkheim 1922"]

1. d4 Nf6 2. c4 d6 3. Nc3 g6 4. e4 Bg7 5. h3 c6 6. Nf3 O-O 7. Bg5 Qc7 8. Rc1 e5
9. d5 Nbd7 10. Be2 Nc5 11. Nd2 a5 12. O-O Ne8 13. Be3 f5 14. f3 f4 15. Bf2 Qe7
16. b3 Qg5 17. Kh2 Nf6 18. Rg1 Nh5 19. Nf1 Qe7 20. a3 Bf6 21. b4 Nd7 22. dxc6
bxc6 23. b5 Bb7 24. bxc6 Bxc6 25. Nd5 Bxd5 26. Qxd5+ Kh8 27. Rd1 Nc5 28. Qxd6
Qxd6 29. Rxd6 Be7 30. Bxc5 Rfc8 31. Nd2 Ng3 32. Bd3 Bxd6 33. Bxd6 Rd8 34. c5
1-0

[Event "Frankfurt Ch 2013"]
[Site "Ffm-Kalbach, LAZ"]
[Date "2013.05.27"]
[Round "4.47"]
[White "Zerhusen, Martin"]
[Black "Fischer, Ulrich"]
[Result "0-1"]
[WhiteElo "1568"]
[BlackElo "1770"]
[PlyCount "70"]
[EventDate "2013.??.??"]
[WhiteTeam "SV Oberursel"]
[BlackTeam "Frankfurter TV 1860"]

1. d4 d5 2. c4 c6 3. Nc3 Nf6 4. e3 e6 5. Nf3 Nbd7 6. a3 Bd6 7. b4 O-O 8. Bb2
Qe7 9. Be2 dxc4 10. Bxc4 e5 11. dxe5 Nxe5 12. Nxe5 Bxe5 13. Qc2 Bg4 14. Be2 Be6
15. O-O a5 16. b5 Rac8 17. Qb1 Nd5 18. Nxd5 Bxd5 19. Bxe5 Qxe5 20. Rd1 Rfe8 21.
Rd4 c5 22. Rh4 Be4 23. Qe1 c4 24. Rc1 c3 25. Rh5 Qf6 26. h3 Red8 27. g3 c2 28.
Rh4 Bd3 29. Rf4 Qb2 30. Bg4 f5 31. Bf3 Qxa3 32. Bxb7 Rc3 33. Bc6 Rb3 34. Rd4
Rxd4 35. exd4 Qxc1 0-1

[Event "Frankfurt Ch 2013"]
[Site "Ffm-Kalbach, LAZ"]
[Date "2013.05.27"]
[Round "4.48"]
[White "Benikhis, Avram"]
[Black "Weber, Samuel"]
[Result "0-1"]
[WhiteElo "1750"]
[BlackElo "1504"]
[PlyCount "120"]
[EventDate "2013.??.??"]
[WhiteTeam "SC Eschbach im Usinger Land"]
[BlackTeam "SC Flörsheim 1921"]

1. e4 d5 2. exd5 Qxd5 3. Nc3 Qa5 4. d4 Nf6 5. Bd2 Bf5 6. Nf3 c6 7. Bc4 e6 8.
O-O Qc7 9. Re1 Be7 10. g3 Nbd7 11. Bf4 Qb6 12. Bb3 O-O 13. Nh4 Bg6 14. Nxg6
hxg6 15. Be3 Qa5 16. Qf3 Qf5 17. Qxf5 gxf5 18. h3 Kh7 19. Kg2 g6 20. Ne2 Kg7
21. f3 Nd5 22. Bd2 g5 23. c4 N5b6 24. a4 a5 25. c5 Nd5 26. Bxd5 exd5 27. Rac1
Rfc8 28. b3 b6 29. cxb6 Nxb6 30. Rc2 Nd7 31. Rec1 Ra6 32. f4 g4 33. hxg4 fxg4
34. f5 Bf6 35. Be3 Rb6 36. Rb1 Rcb8 37. Nc1 Be7 38. Bd2 Bb4 39. Bxb4 Rxb4 40.
Rxc6 Rxd4 41. Rb2 Ne5 42. Ra6 Rxa4 43. Re2 Ra1 44. Rxe5 Rxc1 45. Rxd5 Rxb3 46.
Rd2 Ra1 47. Kf2 Rf3+ 48. Kg2 Rxf5 49. Rad6 a4 50. R6d4 Rg5 51. Rf4 a3 52. Ra4
Rb5 53. Rxg4+ Kh6 54. Rh4+ Kg5 55. Kf3 Rb3+ 56. Kf2 Rb2 57. Ke2 a2 58. Ra4 Rh1
59. Rxb2 Rh2+ 60. Kf3 Rxb2 {ZÜ} 0-1

[Event "Frankfurt Ch 2013"]
[Site "Ffm-Kalbach, LAZ"]
[Date "2013.05.27"]
[Round "4.49"]
[White "Ivkin, Michael"]
[Black "Kletzerman, Simon"]
[Result "1-0"]
[WhiteElo "1725"]
[BlackElo "1504"]
[PlyCount "51"]
[EventDate "2013.??.??"]
[WhiteTeam "Wiesbadener SV 1885"]
[BlackTeam "TuS Makkabi Ffm"]

1. d4 d5 2. Nf3 Bf5 3. Bf4 h6 4. Nbd2 Nf6 5. Ne5 Nh5 6. e4 Nxf4 7. exf5 g6 8.
Qg4 g5 9. g3 f6 10. gxf4 fxe5 11. fxe5 e6 12. fxe6 Qe7 13. Nb3 h5 14. Qf5 Rh6
15. Be2 g4 16. h3 Qxe6 17. Qxe6+ Rxe6 18. hxg4 hxg4 19. Bxg4 Rh6 20. O-O-O Nd7
21. f4 Rg6 22. Bh5 O-O-O 23. Bxg6 Bg7 24. Bf5 Rf8 25. Bxd7+ Kxd7 26. Rh7 1-0

[Event "Frankfurt Ch 2013"]
[Site "Ffm-Kalbach, LAZ"]
[Date "2013.05.27"]
[Round "4.50"]
[White "Siegismund, Florian"]
[Black "Crnjac, Zdravko"]
[Result "1-0"]
[WhiteElo "1705"]
[BlackElo "1478"]
[PlyCount "173"]
[EventDate "2013.??.??"]
[WhiteTeam "SK Bad Schwalbach"]
[BlackTeam "TSG Nieder-Erlenbach 1888"]

1. d4 d5 2. c4 dxc4 3. Nc3 e5 4. dxe5 Qxd1+ 5. Kxd1 c6 6. g3 Be6 7. Bg2 Na6 8.
Be3 Bb4 9. f4 Ne7 10. Ke1 O-O 11. Kf2 Nf5 12. Bd2 Rfd8 13. Nf3 Bc5+ 14. e3 Nb4
15. Ne4 Nd3+ 16. Ke2 Bb6 17. Rab1 c3 18. Bxc3 Bc4 19. Nfd2 Nxf4+ 20. Kf3 Nxg2
21. Nxc4 Ngxe3 22. Nxb6 axb6 23. g4 Rd3 24. Nf2 Nh4+ 25. Ke2 Rxc3 26. bxc3 Nd5
27. Kd3 Rxa2 28. Ra1 Ra5 29. Rhb1 Nf4+ 30. Ke4 Ne6 31. Nd3 Rxa1 32. Rxa1 Kf8
33. Rb1 b5 34. Ra1 Ng5+ 35. Kf4 Ne6+ 36. Ke4 Ng5+ 37. Ke3 Ne6 38. Ra7 Nd8 39.
Nc5 Ng6 40. Ke4 b6 41. Nd7+ Ke8 42. Nxb6 Ne7 43. c4 b4 44. Ra4 b3 45. Rb4 Nb7
46. Na4 Na5 47. Nc5 Kd8 48. Nxb3 c5 49. Nxc5 Nec6 50. Nb7+ Kc7 51. Nxa5 Nxb4
52. Kd4 Kb6 53. Nb3 Kc6 54. Nd2 Na6 55. Ne4 h6 56. Nd6 Nc5 57. Nxf7 Ne6+ 58.
Ke4 Kd7 59. Kf5 Ke7 60. Nd6 Nd4+ 61. Kg6 Ne6 62. Nf5+ Kf8 63. Nxg7 Nxg7 64.
Kxh6 Kf7 65. h4 Kf8 66. Kg6 Ne6 67. h5 Ke7 68. h6 Nf4+ 69. Kf5 Ne6 70. g5 Nd4+
71. Kg6 Nc6 72. h7 Nxe5+ 73. Kg7 Nf7 74. h8=Q Nxg5 75. Qf8+ Kd7 76. Qf5+ Ne6+
77. Kf6 Kd6 78. Qxe6+ Kc5 79. Qd5+ Kb4 80. Qb5+ Kc3 81. Ke5 Kd3 82. Qd5+ Kc3
83. Qd4+ Kb4 84. Kd5 Kb3 85. Kc5 Kc2 86. Kb4 Kb1 87. Qf2 1-0

[Event "Frankfurt Ch 2013"]
[Site "Ffm-Kalbach, LAZ"]
[Date "2013.05.27"]
[Round "4.51"]
[White "Paulsen, Alexej"]
[Black "Friedel, Thomas"]
[Result "1-0"]
[WhiteElo "1665"]
[BlackElo "1405"]
[PlyCount "105"]
[EventDate "2013.??.??"]
[WhiteTeam "TuS Makkabi Ffm"]
[BlackTeam "SV 1946 Groß-Gerau"]

1. e4 e5 2. Nf3 Nc6 3. Bb5 Bc5 4. O-O Nd4 5. Nxd4 Bxd4 6. c3 Bb6 7. d4 c6 8.
Bc4 d6 9. f4 Nf6 10. Qd3 O-O 11. Be3 Be6 12. Bxe6 fxe6 13. fxe5 dxe5 14. Na3
exd4 15. cxd4 e5 16. Rad1 exd4 17. Bxd4 Bxd4+ 18. Qxd4 Qxd4+ 19. Rxd4 Rfe8 20.
Re1 Rad8 21. Rxd8 Rxd8 22. e5 Re8 23. Nc4 b5 24. Na5 c5 25. Nb3 c4 26. Nd4 a6
27. e6 Rd8 28. Nf5 Ne8 29. Ne7+ Kf8 30. Ng6+ Kg8 31. e7 Rd6 32. Rf1 Rf6 33. Ne5
Rxf1+ 34. Kxf1 g6 35. Ke2 Kg7 36. Ke3 Kf6 37. Nc6 Ke6 38. Kd4 Kd7 39. Kc5 Kc7
40. Nb4 Kb7 41. Kd5 h6 42. Ke6 a5 43. Nd5 Kc6 44. Nf6 Nc7+ 45. Ke5 Kc5 46. e8=Q
Nxe8 47. Nxe8 b4 48. Ke4 a4 49. Ke3 a3 50. bxa3 b3 51. axb3 cxb3 52. Kd2 Kc4
53. Nf6 1-0

[Event "Frankfurt Ch 2013"]
[Site "Ffm-Kalbach, LAZ"]
[Date "2013.05.27"]
[Round "4.52"]
[White "Heun, Andreas"]
[Black "Markulic, Petar"]
[Result "1/2-1/2"]
[WhiteElo "1519"]
[BlackElo "1643"]
[PlyCount "51"]
[EventDate "2013.??.??"]
[WhiteTeam "SC Ladja Roßdorf"]
[BlackTeam "vereinslos"]

1. e4 c5 2. f4 e6 3. Nf3 Nc6 4. Nc3 d6 5. Bc4 Be7 6. O-O a6 7. a3 b5 8. Ba2 Nf6
9. d3 O-O 10. Qe1 Qb6 11. Kh1 Nd4 12. Nxd4 cxd4 13. Ne2 e5 14. f5 Bb7 15. Bg5
Rad8 16. Ng3 d5 17. exd5 Bxd5 18. Bxd5 Rxd5 19. Ne4 h6 20. Bh4 Re8 21. Qe2 Nxe4
22. Qxe4 Rdd8 23. Bxe7 Rxe7 24. Qh4 f6 25. Rae1 Qc6 26. Rc1 1/2-1/2